Spieler, die Jonny Clayton bei der Darts WM besiegten - Statistiken

Allgemein
  • Dieses Quiz wurde 103 mal gespielt
    12 seit der letzten Aktualisierung
  • Das Durchschnittsergebnis liegt bei 8 aus 10
Antwortstatistiken
Jahr Runde Nationalität Spieler % Korrekt
2019 2. Runde Belgien Dimitri Van den Bergh
100%
2023 Viertelfinale Belgien Dimitri Van den Bergh
100%
2025 Achtelfinale Wales Gerwyn Price
100%
2026 Viertelfinale England Ryan Searle
100%
2022 Achtelfinale England Michael Smith
90%
2024 Achtelfinale England Rob Cross
90%
2021 3. Runde England Joe Cullen
60%
2017 2. Runde England Ian White
50%
2018 1. Runde Wales Jamie Lewis
50%
2020 3. Runde England Stephen Bunting
30%
Keine übereinstimmenden Quizze gefunden
Verteilung der Resultate
Anzahl Personen mit jedem Resultat
Perzentil nach korrekt beantworteten Fragen
Ihre Resultats-Entwicklung
Sie haben dieses Quiz seit der letzten Aktualisierung nicht gespielt